| 000 | 00506nam a22001457a 4500 | ||
|---|---|---|---|
| 082 | _a621.3 | ||
| 100 | _aWaqas, Shakeel Ahmad | ||
| 245 |
_aPerformance Enhancement of Cooperative Networks using Relay Selection Techniques / _cShakeel Ahmad Waqas |
||
| 260 |
_aIslamabad : _bMCS - NUST, _c2016. |
||
| 300 |
_a54 p. ; _c30cm. |
||
| 650 |
_aElectrical(Telecom) Engineering-MS-Thesis _935386 |
||
| 700 |
_aDr. Imran Tauqeer _935387 |
||
| 942 |
_2ddc _cTHE |
||
| 999 |
_c541059 _d541059 |
||